The official centenary guide and souvenir, issued with the authority of the Victorian and Melbourne Centenary Celebrations Council.

Saved in:
Bibliographic Details
Corporate Author: Centenary Celebrations Council (Vic.)
Format: Book
Language:English
Published: [Melbourne?], 1935?.
Subjects:
LEADER 00902nam a2200229 i 4500
001 c000129482
003 CARM
005 00000000000000.0
008 841217s1935 vra 0 eng d
019 1 |a 10225463  |z 58021106  |5 LACONCORD2021 
035 |a (OCoLC)221669085  |5 LACONCORD2021 
042 |a anuc 
082 0 4 |a 919.45045 
110 2 0 |a Centenary Celebrations Council (Vic.) 
245 1 0 |a The official centenary guide and souvenir, issued with the authority of the Victorian and Melbourne Centenary Celebrations Council. 
260 |a [Melbourne?],  |c 1935?. 
300 |a 223 p. :  |b illus. 
500 |a Cover title. 
610 1 0 |a Victoria  |x Description and travel. 
852 8 |b CARM  |h A2:AF23A0  |i B01312  |p 0060698  |f BK 
999 f f |i 1a7de5f8-b1ba-57ec-84fc-fbc9a703da4a  |s abcdc2cc-6119-5d14-b9f5-a9fde01d17b9 
952 f f |p Can circulate  |a CAVAL  |b CAVAL  |c CAVAL  |d CARM 1 Store  |e B01312  |f A2:AF23A0  |h Other scheme  |i book  |m 0060698